| 000 | 00000nam 2200000za 4500 |
| 001 | 9.662331 |
| 003 | CaOODSP |
| 005 | 20240527135428 |
| 007 | ta |
| 008 | 150407s2000||||xxc||||| f|0| 0 eng d |
| 020 | |a0-660-61562-2 |
| 040 | |aCaOODSP|beng |
| 041 | |aeng |
| 041 | |afre |
| 043 | |an-cn--- |
| 086 | 1 |aCW66-192/2000 |
| 110 | 2 |aCanadian Wildlife Service. |
| 245 | 10|aCITES identification guide -- butterflies |
| 260 | |aOttawa - Ontario : |bEnvironment Canada. |c2000. |
| 300 | |a1 vol. (in various pagings) : |bcoloured illus. ; |c28 cm. |
| 500 | |aTitle in Spanish: Guìa de identifìcación de CITES -- mariposas. |
| 546 | |aText in English, French and Spanish |
| 563 | |aSpiral binding |
| 590 | |a01-07|b2001-02-16 |
| 690 | 07|aButterflies|2gcpds |
| 776 | 0#|tCITES identification guide - butterflies : |w(CaOODSP)9.881738 |
| 792 | |tGuide d'identification CITES - papillons |efre|w(CaOODSP)9.662332 |